header

Game design (Record no. 44984)

MARC details
000 -LEADER
fixed length control field 01279nam a2200325Ia 4500
082 04 - DEWEY DECIMAL CLASSIFICATION NUMBER
Classification number 794.81
100 1# - MAIN ENTRY--AUTHOR NAME
Personal name Bates, Bob.
245 10 - TITLE STATEMENT
Title Game design
250 ## - EDITION STATEMENT
Edition statement 2nd ed.
260 ## - PUBLICATION, DISTRIBUTION, ETC. (IMPRINT)
Place of publication Cambridge, Mass. :
Name of publisher Thomson Course Technology,
Year of publication 2004.
300 ## - PHYSICAL DESCRIPTION
Number of Pages xxiii, 350 p. :
Other physical details ill.
500 ## - GENERAL NOTE
General note Previous ed.: Roseville, Calif.: Prima Tech, 2001.
650 #0 - SUBJECT ADDED ENTRY--TOPICAL TERM
Topical Term Computer games
Topical Term Computer games
Topical Term Computer games
Topical Term Electronic games industry.
856 40 - ELECTRONIC LOCATION AND ACCESS
Uniform Resource Identifier http://site.ebrary.com/lib/rucke/Doc?id=10073606

No items available.

© 2026 Rongo University
Contact us: librarian | system librarian | Rongo university